000 00523nam a22000977a 4500
008 170417b xxu||||| |||| 00| 0 eng d
100 _aBarata, Paulo
245 _aSpain revenues : national - provincial - municipal - corporative - colonial
260 _a[Lisbon], Portugal
_bPublifil
_c1991
650 _aSpain | Spanish Colonies | Revenues | Catalogs and Price Lists | Cinderella Material | Cuba (1873-) | Antilles (1855-1873) | Philippines | Puerto Rico | Spanish Guinea (1901-1960) | Spanish Morocco (1914-1956) | Morocco (1956-)
999 _c2368
_d2368